• 首页
  • 本馆介绍
  • 公告通知
  • 最新文献
  • 馆藏检索
  • 电子资源
  • 读者导购
  • 参考咨询
  • 我的图书馆
  • 登录
  • 详细信息显示
  • 放入我的书架
  • 预约/预借图书
  • 作者相关作品
  • 分类相关作品
  • 丛书相关作品
  • 出版社相关作品

书目信息

  • 表格格式
  • 工作单格式
  • 卡片格式
题名:
中国民法典精要
    
 
作者: 杨立新 著
分册:  
出版信息: 北京   北京大学出版社  2020
页数: 13,302页
开本: 23cm
丛书名:
单 册:
中图分类: D923.05
科图分类:
主题词: 民法--法典--法律解释--中国
电子资源:
ISBN: 978-7-301-31626-9
000 00883nam0 2200229 450
001 2151305028
005 20211116141510.42
010    @a978-7-301-31626-9@dCNY69.00
100    @a20210127d2020 em y0chiy50 ea
101 0  @achi
102    @aCN@b110000
105    @ay z 000yy
200 1  @a中国民法典精要@9zhong guo min fa dian jing yao@f杨立新著
210    @a北京@c北京大学出版社@d2020
215    @a13,302页@d23cm
300    @a教育部人文社会科学重点研究基地重大项目“中华人民共和国民法典评注”
330    @a本书作者用最简洁的方法讲解《民法典》规定的基本规则。全书对民法基础理论进行概括性讲解,并按照我国《民法典》的体例,分别对民法总则、物权法、合同法、人格权法、婚姻家庭法、继承法、侵权责任法进行精要讲解。
606 0  @a民法@x法典@x法律解释@y中国
690    @aD923.05@v5
701  0 @a杨立新@9yang li xin@4著
801  0 @aCN@b山东中教@c20211112
905    @aZUCC@dD923.05@e15
    
    中国民法典精要/杨立新著.-北京:北京大学出版社,2020
    13,302页;23cm
    教育部人文社会科学重点研究基地重大项目“中华人民共和国民法典评注”
    
    ISBN 978-7-301-31626-9:CNY69.00
    本书作者用最简洁的方法讲解《民法典》规定的基本规则。全书对民法基础理论进行概括性讲解,并按照我国《民法典》的体例,分别对民法总则、物权法、合同法、人格权法、婚姻家庭法、继承法、侵权责任法进行精要讲解。
●
相关链接 在五车中查询图书 在当当中查询图书 在豆瓣中查询图书


正题名:中国民法典精要     索取号:D923.05/15         预约/预借

序号 登录号 条形码 馆藏地/架位号 状态 备注
1 2000887710   2000887710   第三书库/ [索取号:D923.05/15] 在馆    
2 2000887711   2000887711   第三书库/ [索取号:D923.05/15] 在馆    
3 2000887712   2000887712   第三书库/ [索取号:D923.05/15] 在馆    
山东省滨州职业学院图书馆 欢迎您!
大连网信软件有限公司© 版权所有